00000000nam 2200000za 4500
0019.816667
003CaOODSP
00520221107142311
007cr |||||||||||
008160502s2016    onc     o    f000 0 eng d
040 |aCaOODSP|beng
043 |an-cn---
0861 |aH113-24/2016-19E-PDF
24500|aCyantraniliprole |h[electronic resource].
260 |aOttawa : |bHealth Canada, |c2016.
300 |a2 p. : |btables
4901 |aProposed maximum residue limit, |x1925-0843 ; |vPMRL2016-19
500 |aIssued also in French under title: Cyantraniliprole.
500 |a“26 April 2016.”
504 |aIncludes references.
520 |aUnder the authority of the Pest Control Products Act, Health Canada’s Pest Management Regulatory Agency (PMRA) has received applications to register cyantraniliprole and the endues product Dupont Okina Insect Control for use in Canada on greenhouse fruiting vegetables (Crop Group 8-09) and cucurbit vegetables (Crop Group 9). The evaluation of this cyantraniliprole application indicates that the end-use product has value, and the human health and environmental risks associated with the proposed uses are acceptable. Details regarding these applications can be found in Proposed Registration Decision PRD2016-13, Cyantraniliprole, posted to the Health Canada website on April 15, 2016.
530 |aIssued also in printed form.
69207|2gccst|aPesticides
69207|2gccst|aInsecticides
69207|2gccst|aSafety standards
69207|2gccst|aCertification
7101 |aCanada. |bPest Management Regulatory Agency.
77508|tCyantraniliprole |w(CaOODSP)9.816668
830#0|aProposed maximum residue limit,|x1925-0843 ; |vPMRL2016-19|w(CaOODSP)9.505147
85640|qPDF|s40 KB|uhttps://publications.gc.ca/collections/collection_2016/sc-hc/H113-24-2016-19-eng.pdf